Catálogo

Vista normal Vista MARC

Entrada Personal Name

Número de registros utilizados en: 3

001 - CONTROL NUMBER

  • control field: 8449

003 - CONTROL NUMBER IDENTIFIER

  • control field: DLC

005 - DATE AND TIME OF LATEST TRANSACTION

  • control field: 20210222124122.0

008 - FIXED-LENGTH DATA ELEMENTS

  • fixed length control field: 781103n| acannaabn |n aaa

010 ## - LIBRARY OF CONGRESS CONTROL NUMBER

  • LC control number: n 78081320

035 ## - SYSTEM CONTROL NUMBER

  • System control number: (OCoLC)oca00216616

040 ## - CATALOGING SOURCE

  • Original cataloging agency: DLC
  • Language of cataloging: spa
  • Transcribing agency: Mx-PuUPA
  • Modifying agency: DLC
  • Modifying agency: OCoLC
  • Modifying agency: Mx-PuUPA

053 #0 - LC CLASSIFICATION NUMBER

  • Classification number element--single number or beginning number of span: PS3511.E435

100 1# - HEADING--PERSONAL NAME

  • Personal name: Fenwick, Elizabeth,

372 ## - FIELD OF ACTIVITY

  • Field of activity: Reproducción

374 ## - OCCUPATION

  • Occupation: Autora

375 ## - GENDER

  • Gender: mujer

377 ## - ASSOCIATED LANGUAGE

  • Language code: eng

670 ## - SOURCE DATA FOUND

  • Source citation: Fenwick, P. The baby ... 1978 (a.e.)
  • Information found: t.p. (Elizabeth Fenwick)

670 ## - SOURCE DATA FOUND

  • Source citation: OCLC 12512391: Epilepsy and the law, 1985
  • Information found: (hdg.: Fenwick, Elizabeth, 1935- )

670 ## - SOURCE DATA FOUND

  • Source citation: Biblioteca del congreso (Estados Unidos), 22 noviembre 2018:
  • Information found: catálogo electrónico
  • Uniform Resource Identifier: https://goo.gl/Mi4qU8